| 000 | 00707nam a2200229 i 4500 | ||
|---|---|---|---|
| 001 | 106365 | ||
| 003 | ES-MaACL | ||
| 005 | 20250725062536.0 | ||
| 007 | t| | ||
| 008 | 061103s1903 sp ||||1| spa d | ||
| 080 | _a54(075.8) | ||
| 080 | _a53(075.8) | ||
| 100 | 1 |
_aRodríguez, Teodoro. _998304 |
|
| 245 | 1 | 0 |
_aElementos de física y química modernas / _cpor Teodoro Rodríguez. |
| 260 |
_aMadrid : _b[s.n.], _c1903 ( _fTip. Ricardo Méndez) |
||
| 300 |
_a313, 118 p. : _bil. ; _c22 cm. |
||
| 500 | _aBiblioteca Jacinto Martíntez Lacalle. | ||
| 650 | 0 | 7 |
_aQuímica _2embne _916625 |
| 650 | 0 | 7 |
_aFísica _2embne _912877 |
| 852 |
_aES-MaACL _jE-11350 _bR.138917 |
||
| 999 |
_c106365 _d106365 |
||